[Event "Yingmei CHN-chT 2018"]
[Site "Shenzhen"]
[Date "2018.04.12"]
[Round "2"]
[White "Zhao, Chenxi"]
[Black "Ma, Qun"]
[Result "1/2-1/2"]
[WhiteElo "2275"]
[BlackElo "2645"]
[Annotator "TA"]
[PlyCount "72"]
[EventDate "2018.??.??"]
[EventCountry "CHN"]
[SourceTitle "playchess.com"]
[Source "ChessBase"]
[SourceQuality "1"]

{[%evp 9,72,-6,-8,-14,-5,-14,-8,-8,-9,-10,-8,-43,3,1,7,11,12,0,5,-42,-16,0,0,-22,-11,-36,0,0,0,0,0,0,0,0,0,0,0,0,0,0,0,0,0,0,0,0,0,0,0,0,0,0,0,0,0,0,0,0,0,0,56,60,39,63,86]} 1. e4 c5 2. b3 d6 3. Bb2 Nf6 4. Bb5+ Nbd7 5. Bxf6 (5. d3 g6 6. Bxd7+ Bxd7 7. Nc3 Bc6 8. Nd5 Bxd5 9. exd5 Qa5+ 10. Qd2 Qxd2+ 11. Kxd2 Bh6+ 12. Kd1 Bg7 {½-½ (23) Paichadze,L (2543)-Hovhannisyan,R (2592) Tbilisi 2014}) 5... exf6 6. Nc3 {B20: Sicilian: Unusual White 2nd moves} a6 7. Bxd7+ $146 ({Predecessor:} 7. Be2 g6 8. f4 Bg7 9. Nf3 O-O 10. f5 Ne5 11. O-O b5 12. Nh4 Bb7 {0-1 (57) Schmidt,S (2260)-Bauer,A (2185) Germany 1998}) 7... Bxd7 8. Nge2 {[%cal Bg1e2,Be2f4,Bf4d5,Bd5b6][%mdl 32] The position is equal.} g6 9. O-O Bg7 10. f4 O-O 11. f5 Qe7 12. Nf4 Qe5 13. Nfd5 Bc6 14. Nb6 Rad8 15. Qf3 Qd4+ 16. Qf2 gxf5 17. exf5 Rfe8 {[#]} 18. Ncd5 $1 {[%mdl 512]} Bxd5 19. Qxd4 cxd4 20. Nxd5 Re5 21. c4 dxc3 $1 22. Nxc3 Bh6 23. Rad1 d5 24. d4 Re3 25. Rf3 $1 Rxf3 26. gxf3 $11 {[%mdl 4096] Endgame KRB-KRN} Kf8 27. Kf2 Ke7 28. Rd3 b5 29. Ne2 b4 30. f4 Rc8 31. Ke1 Bf8 32. Kd2 a5 33. Rh3 h6 34. Rg3 Ra8 (34... Kd7 $11) 35. Nc1 $14 Kd7 36. Rg8 Re8 {Precision: White = 74%, Black = 65%.} 1/2-1/2

[Event "Yingmei CHN-chT 2018"]
[Site "Shenzhen"]
[Date "2018.04.12"]
[Round "2"]
[White "Gu, Tianlu"]
[Black "Xu, Yuze"]
[Result "1-0"]
[WhiteElo "2171"]
[BlackElo "2021"]
[Annotator "TA"]
[PlyCount "95"]
[EventDate "2018.??.??"]
[EventCountry "CHN"]
[SourceTitle "playchess.com"]
[Source "ChessBase"]
[SourceQuality "1"]

{[%evp 22,95,43,28,38,38,47,28,31,26,29,43,43,32,43,33,45,37,35,39,63,45,60,60,62,62,68,42,58,16,35,30,31,30,38,29,98,85,101,100,91,70,76,77,76,83,198,177,218,198,216,201,198,208,237,201,310,286,357,364,389,384,393,375,385,355,466,481,448,425,639,643,645,640,614,590]} 1. e4 c5 2. Nf3 Nc6 3. d4 cxd4 4. Nxd4 g6 5. c4 Nf6 6. Nc3 Nxd4 7. Qxd4 d6 8. Be2 Bg7 9. Be3 O-O 10. Qd2 a5 {[%cal Ba7a5,Ba5a4][%mdl 32] B36: Sicilian: Maroczy Bind: Gurgenidze System} 11. f3 (11. Rd1 a4 12. O-O Be6 13. Bd4 Qa5 14. Qe3 Nd7 15. f4 Rac8 16. b3 axb3 17. axb3 Bxd4 18. Rxd4 {1-0 (58) Harikrishna,P (2744)-Mamedov,R (2709) Huaian 2017}) 11... a4 12. Kf2 {LiveBook: 4 Games} Be6 {White has an edge.} 13. Rac1 Nd7 14. Rhd1 Qa5 $146 ({Predecessor:} 14... f5 15. exf5 Rxf5 16. Kg1 Qa5 17. f4 Nc5 18. g3 {1-0 (70) Scherer,R (2505)-Donnelly,M (2489) ICCF email 2008}) 15. Nd5 Bxd5 16. cxd5 Nc5 17. Qxa5 Rxa5 18. Rb1 Rb8 19. Bd2 Ra7 20. Bb5 b6 21. Ke2 Bf6 22. Rdc1 Kg7 23. Rc4 h5 24. Bb4 g5 25. Kd2 Be5 26. h3 Kf6 27. Kc2 Kg6 28. Bd2 Kf6 {[#]} (28... h4 $11 {remains equal.}) 29. h4 $1 $16 {[%cal Rh4g5]} Bf4 30. hxg5+ Kxg5 31. Rh1 Bxd2 32. Kxd2 Rh8 33. Ke3 e6 {[#]} (33... Ra5 $16 {was called for.} 34. Rb4 Na6 35. Bxa6 (35. Rxa4 Rxb5 36. Rxa6 Rxb2 $11) 35... Rxa6) 34. dxe6 $1 $18 fxe6 35. Rd4 Rd8 36. f4+ Kg6 37. Rhd1 Ra5 38. Bc6 ({Inferior is} 38. Rxd6 Rxd6 39. Be8+ Kf6 $17) 38... Kf7 (38... d5 {might work better.} 39. exd5 Rd6 40. Be8+ Kf6 41. Bxh5 Rb5) 39. Rxd6 Rxd6 40. Rxd6 {[%mdl 4096] Endgame KRB-KRN} Ke7 41. e5 h4 42. Rd1 Ra6 43. Rh1 b5 44. Bxb5 {White is clearly winning.} Rb6 45. Bc4 Rb4 (45... Rxb2 $142 46. Rxh4 Rxg2) 46. Kd4 Nd7 47. Kc3 Rb8 48. Rxh4 {Precision: White = 67%, Black = 48%.} 1-0

[Event "Yingmei CHN-chT 2018"]
[Site "Shenzhen"]
[Date "2018.04.12"]
[Round "2"]
[White "Guo, Weibao"]
[Black "Ju, Wenjun"]
[Result "0-1"]
[WhiteElo "1873"]
[BlackElo "2568"]
[Annotator "TA"]
[PlyCount "46"]
[EventDate "2018.??.??"]
[EventCountry "CHN"]
[SourceTitle "playchess.com"]
[Source "ChessBase"]
[SourceQuality "1"]

{[%evp 25,46,-40,-32,-47,-45,-47,-47,-400,-398,-585,-583,-583,-577,-581,-579,-606,-589,-600,-597,-581,-567,-756,-734]} 1. d4 Nf6 2. c4 e6 3. Nc3 Bb4 4. Qc2 O-O 5. Nf3 c5 6. dxc5 Na6 {[%cal Bb8a6,Ba6c5,Bc5b3][%mdl 32]} 7. a3 Bxc3+ 8. Qxc3 Nxc5 9. Bg5 Nfe4 {E39: Nimzo-Indian: Classical: 4...c5 5 dxc5 0-0} 10. Bxd8 Nxc3 11. Be7 Nb3 12. Bxf8 Kxf8 13. Rd1 Nxd1 {LiveBook: 4 Games} 14. Kxd1 d5 15. e3 Bd7 16. cxd5 $146 {[%mdl 8192]} (16. Kc2 $1 $15 Nc5 17. cxd5) ({Predecessor:} 16. Kc2 Ba4 17. Kc3 {0-1 (35) Temirov,B (2322)-Ganguly,S (2633) Dubai 2012}) 16... Rc8 $19 {[#] ( -> ...Rc1+)} 17. Ne5 (17. Nd4 {keeps fighting.} Rc1+ 18. Ke2 Nxd4+ 19. exd4 Bb5+ 20. Kd2 Rxf1 21. Rxf1 Bxf1 22. dxe6) 17... Rc1+ {Black is clearly winning.} 18. Ke2 Bb5+ 19. Nd3 exd5 20. a4 Bc4 21. h4 Rc2+ 22. Kf3 Nd2+ 23. Kg4 Nxf1 0-1